Úroveň výskumu a inovácií v súvislosti so vstupom Slovenskej republiky do Európskej únie

Systematický pokles v oblasti budovania výskumnej základne v SR (nedostatok finančných zdrojov). Štruktúra výdavkov výskumu a vývoja v SR a Európskej únii. Úroveň inovačných aktivít. Inovujúce podniky v spracovateľskom priemysle v SR a EÚ.

Salvato in:
Dettagli Bibliografici
Autore principale: Klas, Antonín
Natura: Capitolo di libro
Lingua:slovacco
Soggetti:
Tags: Aggiungi Tag
Nessun Tag, puoi essere il primo ad aggiungerne!!

MARC

LEADER 00000naa a2200000 4500
001 r046975
005 20230929074550.2
041 0 |a slo 
044 |a SK 
245 1 0 |a Úroveň výskumu a inovácií v súvislosti so vstupom Slovenskej republiky do Európskej únie  |c Antonín Klas 
520 |a Systematický pokles v oblasti budovania výskumnej základne v SR (nedostatok finančných zdrojov). Štruktúra výdavkov výskumu a vývoja v SR a Európskej únii. Úroveň inovačných aktivít. Inovujúce podniky v spracovateľskom priemysle v SR a EÚ. 
610 2 0 |a integrácia ekonomická medzinárodná 
610 2 0 |a Slovensko 
610 2 0 |a Európska únia 
610 2 0 |a výskum 
610 2 0 |a inovácia 
610 2 0 |a vývoj vedeckotechnický 
610 2 0 |a porovnanie medzinárodné 
100 1 |a Klas, Antonín